| 000 | 00000nam 2200000za 4500 |
| 001 | 9.837757 |
| 003 | CaOODSP |
| 005 | 20231208112857 |
| 007 | cr ||||||||||| |
| 008 | 170606s2016 onc ob f000 0 eng d |
| 040 | |aCaOODSP|beng |
| 043 | |an-cn--- |
| 086 | 1 |aPS83-3/349E-PDF |
| 100 | 1 |aStewart, Lynn Ann. |
| 245 | 10|aFederally-sentenced sex offenders |bpopulation trends, current profile, and release outcomes / |h[electronic resource] : |cLynn A. Stewart, Amanda Nolan and Sara Rubenfeld. |
| 260 | |aOttawa : |bCorrectional Service of Canada, |c2016. |
| 300 | |avii, 42 p. : |btables. |
| 490 | 1 |aResearch report ; |vR-349 |
| 500 | |aIssued also in French under title: Délinquants sexuels purgeant une peine de ressort fédéral : tendances de la population, profil actuel et résultats suivant la mise en liberté. |
| 500 | |a"February 2016." |
| 504 | |aIncludes bibliographical references. |
| 520 | |aThe purpose of the study was to: examine recent trends in Correctional Service of Canada's sexoffender population by comparing the profile of sex offenders over two time periods - 2010 and 2014, provide an updated descriptive profile of the sex offender population as of February 2014, and compare a 2010 cohort of sex offenders to non-sex offenders in their profiles and release outcomes. |
| 692 | 07|2gccst|aSexual offences |
| 692 | 07|2gccst|aInmates |
| 700 | 1 |aNolan, Amanda M.|q(Amanda Marie),|d1982- |
| 700 | 1 |aRubenfeld, Sara,|d1980- |
| 710 | 1 |aCorrectional Service Canada. |bResearch Branch. |
| 775 | 08|tDélinquants sexuels purgeant une peine de ressort fédéral |w(CaOODSP)9.837761 |
| 830 | #0|aResearch report (Correctional Service Canada. Research Branch)|vR-349|w(CaOODSP)9.506063 |
| 856 | 40|qPDF|s322 KB|uhttps://publications.gc.ca/collections/collection_2017/scc-csc/PS83-3-349-eng.pdf |